| 000 | 00482nam a2200169Ia 4500 | ||
|---|---|---|---|
| 999 |
_c23228 _d23228 |
||
| 003 | OSt | ||
| 005 | 20200602155004.0 | ||
| 008 | 190216s9999||||xx |||||||||||||| ||und|| | ||
| 020 | _a9781851686759 | ||
| 040 | _coclc | ||
| 082 |
_a956 _bROB/M |
||
| 100 |
_a Robins, Philip _92328 |
||
| 245 | 4 |
_aThe Middle East A Beginners Guide / _cPhilip Robins |
|
| 260 |
_bOneworld Oxford, _c2010. _aEngland: |
||
| 300 | _a226p | ||
| 942 |
_cBK _2ddc _h956 _iROB/M _k956 _mROB/M |
||